=LDR 00000nam 2200000 4500 =001 000396 =005 20250710032021 =035 ##$$a 0010-0725000258 =007 ta =008 250710################a##########0#ind## =020 ##$$a 978-623-307-374-5 =082 ##$$a 398.209 598 =084 ##$$a 398.209 598 RAJ b =100 #$$a Rajagopalan, Ashok =245 1#$$a Bum Badabum! /$c Ashok Rajagopalan =250 ##$$a cetakan pertama =260 ##$$a Jakarta :$b badan pengembangan dan pembinaan bahasa,$c 2022 =300 ##$$a 16 hlm. : $b ilus. ; $c 21 cm$e 398.209 598 =650 #4$$a Cerita Anak Indonesia =856 ##$$a TBM As Suhafa =990 ##$$a TBM01180118